[Event "CRO-ch U11 Girls"]
[Site "Trogir"]
[Date "2020.08.26"]
[Round "4"]
[White "Golub, Mia"]
[Black "Roncevic, Nika"]
[Result "1-0"]
[WhiteElo "1600"]
[BlackElo "1630"]
[PlyCount "49"]
[EventDate "2020.08.24"]
[EventType "swiss"]
[EventRounds "9"]
[EventCountry "CRO"]
[SourceTitle "CBM 198 Extra"]
[Source "ChessBase"]
[SourceDate "2020.11.30"]
[SourceVersion "1"]
[SourceVersionDate "2020.11.30"]
[SourceQuality "1"]

1. e4 e5 2. Nf3 Nc6 3. Bc4 Nf6 4. Nc3 Bc5 5. 0-0 0-0 6. Ng5 Na5 7. Bd3 h6 8. Nf3 Ng4 9. g3 Re8 10. Nh4 Nxf2 11. Rxf2 Bxf2+ 12. Kxf2 d6 13. Be2 Be6 14. Bb5 c6 15. Bd3 d5 16. Nf5 d4 17. Qg4 Bxf5 18. exf5 dxc3 19. dxc3 Qe7 20. Bxh6 Qf6 21. Bg5 Qd6 22. Qh4 g6 23. Bf6 Qc5+ 24. Kg2 Qd5+ 25. Kh3 1-0